नन्ही टोली / (Record no. 204912)

MARC details
000 -LEADER
fixed length control field 00978nam a22001937a 4500
005 - DATE AND TIME OF LATEST TRANSACTION
control field 20240806164310.0
010 ## - LCCN (DPL NO)
LC control number B-760177 CHHN
020 ## - INTERNATIONAL STANDARD BOOK NUMBER
International Standard Book Number 9788194699439
Terms of availability 80.00
035 ## - SYSTEM CONTROL NUMBER
System control number B-760177
037 ## - SOURCE OF ACQUISITION
Source of stock number/acquisition उपहार
082 ## - DEWEY DECIMAL CLASSIFICATION NUMBER
Classification number 821
Item number 1
100 ## - MAIN ENTRY--PERSONAL NAME
Personal name सतीश चन्द्र भगत
245 ## - TITLE STATEMENT
Title नन्ही टोली /
Statement of responsibility, etc सतीश चन्द्र भगत
260 ## - PUBLICATION, DISTRIBUTION, ETC. (IMPRINT)
Place of publication, distribution, etc राजस्थान
Name of publisher, distributor, etc रंगमंच प्रकाशन
Date of publication, distribution, etc 2021
270 ## - ADDRESS
Address दशहरा मैदान, स्टेज के पीछे, गंगापुर सिटी, जिला-सवाईमाधोपुर
City राजस्थान
Postal code 322201
300 ## - PHYSICAL DESCRIPTION
Extent 47 पृष्ठ
Dimensions 22सेमी (अजिल्द)
Other physical details सचित्र
942 ## - ADDED ENTRY ELEMENTS (KOHA)
Item type Children Books
Classification part 821
Source of classification or shelving scheme Dewey Decimal Classification
Call number suffix सतीश
Holdings
Withdrawn status Lost status Not for loan Collection code Home library Current library Date acquired Source of acquisition Cost, normal purchase price Full call number Barcode Copy number Cost, replacement price Koha item type Public note
      Non-fiction Kadipur Kadipur 06/08/2024 उपहार/6.08.2024 80.00 821 सतीश B-760177 1 80.00 Children Books उपहार

© Delhi Public Library
Hit Counter
free hit counter